000 00584nam a2200229Ia 4500
003 OSt
005 20220924151420.0
006 a|||||r|||| 00| 0
007 ta
008 220923b |||||||| |||| 00| 0 tel d
024 _a337650
037 _cTextual
040 _aARTS
_cARTS
_btel
041 _2tel
_atel
082 _aO35,7M64,8, J7
100 _aNarayanadasu
_9221797
245 0 _aHarishchandro pakhyanamu
260 _c1957
650 _aTELUGU LANGUAGE
_9155493
942 _hO35,7M64,8, J7
_cTEXL
_2CC
999 _c466515
_d466515